| 000 | 00959nam a2200277 a 4500 | ||
|---|---|---|---|
| 003 | DO-SdBNP | ||
| 005 | 20250123131622.0 | ||
| 007 | ta | ||
| 008 | 100312s2000 dr d r 001 0 spa d | ||
| 020 | _a9993450006 | ||
| 040 |
_aDO-SdBNP _bspa _cBNPHU |
||
| 082 |
_a327.729 _bI61s |
||
| 245 | 0 | 0 |
_aIntegración, sociedad y política en el Caribe / _ceditor Wilfredo Lozano ; coordinadoras Alejandra Liriano, Lilian Bobea |
| 260 |
_aSanto Domingo : _bFLACSO, _c2000. |
||
| 300 |
_a390 p. ; _c23 cm. |
||
| 504 | _aBibliografía p: 383-387 | ||
| 590 | _aInventariado, 2022/ YL | ||
| 650 | 4 |
_aCaribe (Región) _xRelaciones exteriores _982632 |
|
| 650 | 4 |
_aCaribe (Región) _xIntegración económica _982633 |
|
| 700 | 1 |
_aHernández Mella, Rocio _eed. _912263 |
|
| 700 | 1 |
_aLiriano, Alejandra _ecoord. _9760 |
|
| 700 | 1 |
_aBobea, Lilian _ecoord. _911661 |
|
| 710 | 1 |
_aFacultad Latinoamericana de Ciencias Sociales _9294 |
|
| 910 | _aYLockward | ||
| 942 |
_2ddc _cLBS1 |
||
| 999 |
_c52703 _d52703 |
||